Ready, Steady, Go! - Harry Styles (All Lyrics) - Statistics

General Stats
  • This quiz has been taken 50 times
  • The average score is 151 of 176
Answer Stats
Lyrics % Correct
and
100%
go
100%
me
100%
on
100%
Ready,
100%
(Ready,
100%
steady,
100%
steady)
100%
steady--
100%
You
100%
you
100%
all
97%
your
97%
time
94%
too
94%
you're
94%
is
91%
it
91%
many
91%
One
91%
one
91%
One,
91%
right
91%
three
91%
times
91%
Two
91%
two,
91%
two
91%
But
88%
call
88%
in
88%
suddenly
88%
the
81%
goodnight
78%
Leon
78%
my
75%
only
75%
with
72%
bellies
69%
It's
69%
light
69%
our
69%
both
66%
got
66%
touched
66%
already
63%
are
63%
enough
63%
head
63%
head?
63%
playing
63%
Butterflied
59%
feet
59%
fun
59%
we
59%
you've
59%
do
56%
skipping
56%
sleep
56%
dirty
53%
as
47%
'Cause
44%
Ah,
41%
did
41%
Pronti,
41%
quasi,
41%
vai
41%
much
38%
While
38%
hands
28%
up
25%
coming
19%
No matching quizzes found
Score Distribution
Percent of People with Each Score
Percentile by Number Answered
Your Score History
You have not taken this quiz